000 00741nam a2200265Ia 4500
003 OSt
005 20221005025917.0
006 a|||||r|||| 00| 0
007 ta
008 221004b |||||||| |||| 00| 0 eng d
024 _a69141
037 _cTextual
040 _aCRL
_cCRL
_beng
041 _2eng
_aeng
082 _aY:1-6, N2
100 _aBocock Robert
_916238
245 0 _aSocial and cultural forms of modernity
260 _aCambridge
_bCambridge Polity
_c1992
300 _a484p.
_ccm.
490 _aUnderstanding modern societies : An introduction
650 _aSOCIOLOGY
700 _a Thompson Kenneth
942 _hY:1-6, N2
_cTEXL
_2cc
999 _c935431
_d935431